000 00392cam a2200169 4500
001 D13374
008 090401t1906 xxu||||| |||| 00| 0 eng d
035 _a(Sirsi) u9322
041 _aeng
110 _aWar Office
_93243
245 _aManual of map reading and field sketching
260 _aLondon
_bHMSO
_c1906
350 _a0
520 _aShelf 303
942 _n0
948 _c04/03/1997
999 _c86626
_d86626